| 000 | 00509nam a22002177a 4500 | ||
|---|---|---|---|
| 001 | 0172 | ||
| 003 | DO-SdBNP | ||
| 005 | 20160314152252.0 | ||
| 007 | 0172 | ||
| 008 | 151005b 200 1991 xxu 00| 0 spa d | ||
| 020 | _a0590461656 | ||
| 040 |
_aBPMSU _bspa _cBPMSU |
||
| 092 |
_aXXXX _bXXXX |
||
| 100 | 1 | _aSlote, Alfred | |
| 245 | 1 | 0 |
_aFinding Buck McHenry / _cAlfred Slote |
| 260 |
_aNew York : _bScholastic, _c1991. |
||
| 300 |
_a250 p : _c20cm. |
||
| 910 | _a144 | ||
| 942 |
_2ddc _cBK |
||
| 956 | _aYngrid Lockward | ||
| 999 |
_c9230 _d9230 |
||